[Event "EICC 2017"]
[Site "Minsk"]
[Date "2017.06.03"]
[Round "5"]
[White "Andreikin, Dmitry"]
[Black "Bok, Benjamin"]
[Result "1/2-1/2"]
[WhiteElo "2723"]
[BlackElo "2598"]
[Annotator "TA"]
[PlyCount "31"]
[EventDate "2017.??.??"]
[EventCountry "BLR"]
[SourceTitle "playchess.com"]
[Source "ChessBase"]
[SourceQuality "1"]

{[%evp 16,31,17,3,21,13,27,9,10,20,16,-7,-7,-12,-10,-14,-7,-11]} 1. e4 c5 2. Nc3 d6 3. Nge2 Nf6 4. g3 g6 5. Bg2 Bg7 6. d4 cxd4 7. Nxd4 O-O 8. h3 Nc6 9. Be3 {[%cal Bc1e3,Be3d4,Bd4e5][%mdl 32] LiveBook: 20 Games} Nxd4 {B34: Sicilian: Accelerated Dragon with 5 Nc3: sidelines} (9... Bd7 10. O-O Ne5 11. Qe2 Rc8 12. Rad1 Nc4 13. Bc1 Qa5 14. Kh2 Nxb2 15. Bxb2 Rxc3 16. Bxc3 Qxc3 17. f4 Nh5 18. Rf3 Qc7 {½-½ (31) Balogh,C (2668)-Gustafsson,J (2610) Istanbul 2012}) 10. Bxd4 Bd7 $146 ({Predecessor:} 10... e5 11. Be3 Be6 12. O-O Qd7 13. Kh2 b5 14. Qd2 b4 15. Nd5 Bxd5 16. exd5 Qb5 17. Rfd1 {1-0 (43) Chelushkina,I (2338)-Cherenkova,K (2239) Belgrade 2007}) 11. Qe2 Rc8 {The position is equal.} 12. O-O Bc6 13. e5 dxe5 14. Bxe5 Qb6 15. a4 Bxg2 16. Kxg2 1/2-1/2

[Event "EICC 2017"]
[Site "Minsk"]
[Date "2017.06.03"]
[Round "5"]
[White "Kryvoruchko, Yuriy"]
[Black "Alonso Rosell, Alvar"]
[Result "0-1"]
[WhiteElo "2714"]
[BlackElo "2536"]
[Annotator "TA"]
[PlyCount "108"]
[EventDate "2017.??.??"]
[EventCountry "BLR"]
[SourceTitle "playchess.com"]
[Source "ChessBase"]
[SourceQuality "1"]

{[%evp 26,108,22,22,22,23,19,19,19,19,19,19,19,24,19,19,50,41,30,39,31,27,54,0,0,0,0,0,0,0,0,0,0,0,0,-22,0,0,0,-165,0,0,0,-114,0,-124,0,0,0,-27,-84,-82,-81,-67,-47,-287,-292,-292,-292,-334,-312,-547,-547,-547,-547,-716,-721,-666,-596,-853,-798,-2114,-1663,-1943,-1717,-1319,-752,-741,-718,-699,-691,-691,-579,-579,-542]} 1. e4 c6 2. d4 d5 3. Nc3 dxe4 4. Nxe4 Bf5 5. Ng3 Bg6 6. h4 h6 7. Nf3 e6 8. Ne5 Bh7 9. Bd3 Bxd3 10. Qxd3 Nd7 {B19: Classical Caro-Kann: 4...Bf5 main line} 11. Bf4 (11. f4 Be7 12. Bd2 Nxe5 13. fxe5 Bxh4 14. O-O-O Bxg3 15. Qxg3 Ne7 16. Bb4 Nf5 17. Qf4 g5 18. Qf2 {½-½ (43) Wei,Y (2706)-Giri,A (2773) Wijk aan Zee 2017}) 11... Nxe5 12. Bxe5 Qa5+ 13. c3 Nf6 14. O-O {LiveBook: 9 Games} Ng4 15. Rad1 O-O-O 16. Qf3 Nxe5 17. dxe5 Rxd1 18. Rxd1 Qxe5 19. Qxf7 {Threatening mate with Qe8+.} Bd6 $146 20. Qg6 Rf8 21. Ne4 Bc7 22. g3 a5 23. a4 Kb8 24. Rd7 ({White should play} 24. Kg2 $14) 24... Rf5 $1 $11 25. Qg4 h5 26. Qe2 g5 $1 {[%cal Rg5h4] White must now prevent ...gxh4.} 27. hxg5 Rxg5 28. Kf1 Rg4 29. f3 Rg8 30. Qf2 Qf5 (30... h4 $5 31. gxh4 Qf4 $11) 31. Ke2 Qh3 {[%cal Rc7g3]} 32. Qd4 $2 (32. Rh7 $11) 32... Qg2+ $2 (32... e5 $1 $19 {[%cal Re5d4]} 33. Qd1 Qg2+ 34. Kd3 Qxb2) 33. Qf2 Qh3 34. Kd3 (34. Qd4 $11 {keeps the balance.}) 34... e5 (34... h4 $1 $17 {[%cal Rh4g3]} 35. gxh4 e5) 35. Re7 {[#]} (35. Rh7 $1 $11) 35... Qh1 (35... h4 $1 $17 {[%cal Rh4g3]} 36. g4 (36. gxh4 Qh1 $17) 36... Qh1) 36. Kc2 $1 h4 {Strongly threatening ...hxg3.} 37. Nf6 ({Reject} 37. gxh4 Rg2 $17) (37. Rxc7 $5 {[%cal Rf2b6]} Kxc7 38. Qc5 $11) 37... Rd8 {[%csl Gd8][%cal Rh1d1]} 38. Nd7+ {[#]} ({Not} 38. Rd7 $2 h3 $19) 38... Ka8 $1 {Threatens to win with ...h3.} 39. gxh4 Qa1 $36 {[%mdl 2048] White is under pressure.} 40. h5 $2 ({Better is} 40. Qg3 $1 $15) 40... Qxa4+ $19 41. Kc1 Qf4+ 42. Qd2 Qh4 ({Less strong is} 42... Qxf3 43. h6 $19) 43. Rh7 $2 (43. Rf7 Qxh5 44. Rf8 Rxf8 45. Nxf8) 43... e4 {Black is clearly winning.} 44. Qd4 Qe1+ 45. Kc2 exf3 {And now ...f2 would win.} 46. Rf7 Qe6 47. Nb6+ Kb8 48. Rd7 Qf5+ 49. Kb3 Qb5+ 50. Ka2 Qxb6 51. Rxd8+ Bxd8 52. Qf4+ Qc7 53. Qxf3 Qd6 54. Qh3 Bg5 {Precision: White = 49%, Black = 73%.} 0-1

[Event "EICC 2017"]
[Site "Minsk"]
[Date "2017.06.03"]
[Round "5"]
[White "Jobava, Baadur"]
[Black "Druska, Juraj"]
[Result "1-0"]
[WhiteElo "2713"]
[BlackElo "2430"]
[Annotator "TA"]
[PlyCount "83"]
[EventDate "2017.??.??"]
[EventCountry "BLR"]
[SourceTitle "playchess.com"]
[Source "ChessBase"]
[SourceQuality "1"]

{[%evp 14,83,0,-7,9,0,2,16,14,-13,0,0,4,0,17,0,0,0,42,35,50,56,48,28,58,68,91,85,263,106,102,21,33,-23,-21,-11,52,37,94,91,94,80,99,92,100,97,124,118,118,121,113,112,102,105,109,103,299,299,299,299,299,251,299,299,299,299,299,299,5402,5390,5492,5325]} 1. e4 c5 2. Nc3 Nc6 3. Nge2 g6 4. g3 Bg7 5. Bg2 d6 6. d3 e6 7. O-O Nge7 8. Bg5 f6 {[%cal Bf7f6,Bf6f5][%mdl 32] B25: Closed Sicilian: 3 g3, lines without early Be3} (8... O-O 9. Qd2 Nd4 10. Rae1 e5 11. Nxd4 cxd4 12. Bxe7 Qxe7 13. Nd5 Qd8 14. f4 Be6 15. f5 Bxd5 16. exd5 Bf6 17. fxg6 hxg6 {0-1 (62) Jobava,B (2730)-Wojtaszek,R (2717) Poznan 2012}) 9. Be3 e5 10. f4 $146 ({Predecessor:} 10. Qd2 Nd4 11. Bh6 O-O 12. Bxg7 Kxg7 13. Nxd4 cxd4 14. Ne2 Be6 15. c3 dxc3 16. bxc3 d5 17. f4 dxe4 18. fxe5 Qxd3 19. exf6+ Rxf6 20. Qg5 Nd5 21. Rxf6 Nxf6 22. Rf1 {0-1 (43) Drljevic,L (2295)-Eric,J (2230) Belgrade 2011}) 10... Nd4 {The position is equal.} 11. h3 Be6 12. Kh2 Qd7 13. Nd5 f5 (13... Bxd5 $5 14. exd5 Nef5 $11) 14. c3 (14. fxe5 {feels hotter.} dxe5 15. c4 O-O 16. Bg5 Bxd5 17. cxd5 fxe4 18. Nxd4 exd4 19. dxe4 h6 20. Bd2) 14... Nxe2 15. Qxe2 O-O 16. fxe5 Bxe5 17. Nxe7+ Qxe7 18. exf5 Bxf5 {...Bxg3+! is the strong threat.} 19. Rae1 Rae8 20. Qd2 $1 {Black must now prevent Bh6.} h5 $2 (20... Be6 $16) 21. d4 (21. Bh6 $1 $18 {and the rest is easy.}) 21... cxd4 $16 22. Bxd4 (22. cxd4 $16 Bg7 23. Bf4) 22... Kh7 23. Bxa7 (23. c4 $14) 23... h4 $11 24. Bf2 Bc8 ({Better is} 24... Bd7 $11 25. Kh1 Bb5 26. gxh4 Bxf1 27. Rxf1 Rf5) 25. Kg1 hxg3 {[#]} ({Black should play} 25... Be6 $14) 26. Bxg3 $1 $16 {[%mdl 512]} Rxf1+ (26... Bxg3 27. Rxe7+) 27. Bxf1 Qf7 28. Qf2 Qxa2 29. Bxe5 Rxe5 30. Rxe5 dxe5 31. Qh4+ Kg7 {[#]} 32. Qe7+ $1 Qf7 33. Qxe5+ Kh7 34. b4 {[%cal Bb2b4,Bb4b5][%mdl 32]} (34. h4 {with more complications.} Bf5 35. b4 Be6 36. b5 Bd5 37. Be2) 34... Qe6 $2 {[#]} (34... Be6 $16 {keeps fighting.} 35. Bg2 Bc4) 35. Qxe6 $1 $18 Bxe6 {[%mdl 4096] Endgame KB-KB} 36. c4 b6 37. b5 g5 38. Kf2 Kg6 39. Ke3 Kf5 {intending ...Ke5.} 40. Kd4 {Threatens to win with c5.} Kf4 $2 (40... Kf6 41. c5 bxc5+ 42. Kxc5 Ke7) 41. c5 bxc5+ 42. Kxc5 {Precision: White = 50%, Black = 32%.} 1-0

[Event "EICC 2017"]
[Site "Minsk"]
[Date "2017.06.03"]
[Round "5"]
[White "Leko, Peter"]
[Black "Steinberg, Nitzan"]
[Result "1/2-1/2"]
[WhiteElo "2703"]
[BlackElo "2532"]
[Annotator "TA"]
[PlyCount "45"]
[EventDate "2017.??.??"]
[EventCountry "BLR"]
[SourceTitle "playchess.com"]
[Source "ChessBase"]
[SourceQuality "1"]

{[%evp 23,45,25,43,51,40,41,76,39,70,81,103,84,125,105,96,103,74,31,15,21,15,28,28,13]} 1. e4 c5 2. Nf3 d6 3. d4 cxd4 4. Nxd4 Nf6 5. Nc3 a6 6. f3 e6 7. Be3 b5 8. Qd2 Nbd7 9. a3 Bb7 10. g4 h6 11. O-O-O Rc8 {B80: Sicilian Scheveningen: 6 g3 and 6 Be3, including English Attack} 12. h4 Nb6 {LiveBook: 3 Games} (12... d5 13. Rg1 dxe4 14. g5 hxg5 15. hxg5 Nd5 16. Nxe4 g6 17. Kb1 b4 18. axb4 Bxb4 19. c3 Nxe3 20. Qxe3 Bxe4+ 21. Qxe4 Bxc3 22. Nxe6 {½-½ (59) Robson,R (2668)-Zherebukh,Y (2605) Saint Louis 2017}) 13. Kb1 Nfd7 {[%cal Bf6d7,Bd7e5,Be5c4][%mdl 32] White is slightly better.} 14. Qe1 Ne5 15. Rh3 $146 ({Predecessor:} 15. Bh3 g5 16. f4 gxf4 17. Bxf4 Nbc4 18. g5 Qc7 19. Nde2 hxg5 20. hxg5 {1-0 (45) Erdogdu,M (2336)-Jojua,D (2243) Izmir 2003}) 15... Qc7 16. Bc1 Be7 17. g5 Nec4 18. Na2 d5 19. gxh6 gxh6 20. exd5 (20. Bxc4 $5 Qxc4 21. e5 $11) 20... Nxd5 21. Bxc4 Qxc4 22. f4 Bf6 23. Qf2 $1 {Precision: White = 77%, Black = 41%.} 1/2-1/2

[Event "EICC 2017"]
[Site "Minsk"]
[Date "2017.06.03"]
[Round "5"]
[White "Rodshtein, Maxim"]
[Black "Demchenko, Anton"]
[Result "1/2-1/2"]
[WhiteElo "2698"]
[BlackElo "2629"]
[Annotator "TA"]
[PlyCount "93"]
[EventDate "2017.??.??"]
[EventCountry "BLR"]
[SourceTitle "playchess.com"]
[Source "ChessBase"]
[SourceQuality "1"]

{[%evp 15,93,56,60,59,58,33,28,28,32,23,38,30,33,44,52,53,95,83,106,79,109,0,0,0,127,77,55,65,75,78,129,129,129,118,150,132,149,150,182,170,195,100,100,94,89,49,35,14,101,100,149,64,75,34,46,0,0,0,0,0,12,0,32,38,46,53,72,58,34,55,58,61,42,47,45,59,28,37,338,336]} 1. d4 Nf6 2. c4 g6 3. Nc3 Bg7 4. e4 O-O 5. Be3 d6 6. h3 e5 7. d5 a5 8. g4 {E71: King's Indian: 4 e4 d6 5 h3} Na6 {LiveBook: 30 Games} 9. Nge2 h5 10. Ng3 {[%cal Rg4h5] White is slightly better.} h4 11. Nge2 Nh7 12. Qd2 Bf6 13. Bg2 {[#]} Bg5 $146 ({Predecessor:} 13... Bd7 14. O-O Qe7 15. f4 exf4 16. Nxf4 {1-0 (47) Ivanisevic,I (2630)-Damljanovic,B (2548) Kragujevac 2017}) 14. f4 exf4 15. Nxf4 Bd7 16. O-O Qe7 17. Rae1 $36 {[%mdl 2048] White is in control.} Rae8 18. Nd3 (18. Bd4 $16) 18... Nb4 $11 19. Nf4 (19. Kh1 $11) 19... Na6 $1 $16 20. a3 {[%cal Ba2a3,Ba3b4][%mdl 32]} b6 21. Bd4 Nc5 22. Qd1 Bf6 (22... a4 $142) 23. Bxf6 $1 Nxf6 {[#]} 24. b4 $1 {[%cal Rb4c5]} axb4 25. axb4 Qe5 {[#]} 26. Qc2 $1 ({Don't do} 26. bxc5 Qxc3 27. cxd6 cxd6 $14) 26... Na6 27. Nd3 Qg5 28. Qa2 (28. Qf2 $18 Nh7 29. e5) 28... Bc8 29. Nb5 Nd7 30. Nd4 (30. Kh1 {looks sharper.} Bb7 31. Rb1 Nf6 32. Qe2 Nd7 33. Qf2) 30... Ne5 31. Nxe5 Qxe5 (31... dxe5 $11 {keeps the balance.} 32. Nc6 Bb7) 32. Qd2 Nb8 {[%cal Ba6b8,Bb8d7,Bd7e5][%mdl 32]} 33. Nf3 ({White should try} 33. Ra1 $16) 33... Qh8 34. Qg5 {e5 is the strong threat.} (34. e5 $5) 34... Nd7 $1 35. Nxh4 Ne5 {And now ...f6 would win.} 36. Rf6 Nd7 37. Rf2 {[%cal Bf6f2,Bf2c2,Bc2h2,Bh2h7][%mdl 32]} Ne5 {aiming for ...f6.} 38. Ref1 Qg7 39. Rc2 Ba6 40. Qc1 Qh8 41. Nf3 Nxf3+ 42. Bxf3 Qxh3 43. Rh2 Qg3+ 44. Kh1 Qe5 $1 45. Kg2 Ra8 46. Rfh1 Kg7 $2 {[%mdl 8192]} (46... Rfe8 $14) 47. Rh7+ {[%mdl 32768] Precision: White = 71%, Black = 51%. . An unexpected result.} 1/2-1/2

[Event "EICC 2017"]
[Site "Minsk"]
[Date "2017.06.03"]
[Round "5"]
[White "Tomashevsky, Evgeny"]
[Black "Buhmann, Rainer"]
[Result "1-0"]
[WhiteElo "2696"]
[BlackElo "2596"]
[Annotator "TA"]
[PlyCount "163"]
[EventDate "2017.??.??"]
[EventCountry "BLR"]
[SourceTitle "playchess.com"]
[Source "ChessBase"]
[SourceQuality "1"]

{[%evp 20,163,18,27,47,39,29,41,35,42,41,53,31,48,84,81,81,74,74,72,75,70,83,70,66,66,120,95,139,139,138,132,149,141,156,156,157,139,157,139,149,123,125,110,114,0,146,125,127,106,123,114,114,114,116,109,130,130,138,138,150,118,122,102,122,0,114,0,155,156,155,148,148,148,148,155,164,135,144,145,139,143,150,150,154,155,172,164,166,170,163,150,165,114,115,114,113,114,114,114,117,120,123,122,165,164,165,165,226,233,234,104,240,238,234,224,238,236,245,244,225,201,431,431,477,234,255,188,214,0,219,0,875,863,826,804,854,837,841,661,804,656,714,711,29957,29958]} 1. c4 e6 2. Nc3 Nf6 3. d4 Bb4 4. e3 b6 5. Bd2 O-O 6. Nf3 d5 7. cxd5 exd5 8. Bd3 Bb7 9. O-O Nbd7 10. Rc1 a6 {E52: Nimzo-Indian: Rubinstein: 4...0-0 5 Nf3 d5 6 Bd3 b6} 11. Ne5 {LiveBook: 21 Games} c5 (11... Bd6 12. f4 Ne4 13. Nxe4 dxe4 14. Bc4 Nf6 15. Qb3 Qe7 16. Be1 b5 17. Bh4 Ra7 18. Be2 {1-0 (103) Li,C (2722)-Neiksans,A (2599) Chartres 2017}) 12. a3 $146 ({Predecessor:} 12. f4 b5 13. Qf3 Bxc3 14. Bxc3 c4 15. Bb1 a5 16. Qh3 Bc8 17. Qf3 Bb7 18. Qh3 {½-½ (47) Cramling,P (2434)-Kosteniuk,A (2549) Teheran 2017}) 12... Bxc3 {White is slightly better.} 13. Bxc3 Nxe5 14. dxe5 Ne4 15. Bxe4 dxe4 16. Qg4 Qe7 17. Rfd1 Rad8 {[#]} 18. Rd6 $1 {[%mdl 512]} h5 (18... Rxd6 19. exd6) 19. Qxh5 Rxd6 20. exd6 $40 {[%mdl 128] White attacks.} Qxd6 21. Qg4 {[%csl Gc3][%cal Rg4g7]} f6 22. Rd1 Bd5 (22... Qe7 $14) 23. h4 $16 Qe6 24. Qxe6+ $1 Bxe6 {[%mdl 4096] Endgame KRB-KRB} 25. Rd6 $1 {[%csl LRb6,LRe6]} Kf7 26. Rxb6 Bc4 27. Rb7+ $1 Kg6 28. Kh2 Rd8 29. Rc7 Rd5 30. Kg3 Be2 31. Ba5 Kh6 32. Bc3 (32. Bb6 $16) 32... Bb5 (32... Kg6 $11 {remains equal.}) 33. Re7 Bd3 34. Re6 Kh5 35. Kh3 Kg6 36. Re7 Rf5 37. Kg3 Rd5 38. a4 Bc2 39. Re6 Bd3 40. Rc6 Be2 41. Rc7 Bd1 42. Re7 Bc2 $1 43. Re6 Bd3 $1 44. f3 exf3 45. gxf3 Be2 46. Kf2 Bc4 47. Rc6 Rd1 48. Rxc5 Rf1+ 49. Kg2 $1 Be2 50. h5+ Kh6 51. Rf5 Ra1 52. e4 Rxa4 53. Bd2+ $1 Kh7 {[#]} 54. h6 $1 {[%mdl 512]} Rc4 {[#] If Black can now play ...Rc2 this consolidates a bit.} (54... gxh6 55. Rxf6) 55. Kf2 $1 {[%cal Rf2e2]} Bd1 {[#]} 56. hxg7 (56. Rd5 $1 $18 {[%cal Rd5d7] Rd7 is the strong threat.} gxh6 57. Bc3) 56... Kxg7 57. Bc3 Rc6 58. Rd5 Bb3 59. Rd7+ Kf8 60. Rb7 Bd1 61. Ke3 Ke8 62. f4 {[%cal Bf3f4,Bf4f5][%mdl 32]} Bc2 63. f5 Rc4 (63... Kf8 {keeps fighting.} 64. Ra7 Ke8) 64. Bd4 ({Less strong is} 64. Bxf6 Rxe4+ 65. Kd2 Rc4 $14) 64... Rc6 65. Rh7 (65. b4 $18) 65... Ba4 (65... a5 $16 66. Rh2 a4) 66. b4 $18 Kf8 67. Rb7 Bb3 68. Bc5+ Kg8 69. Kd4 Ba2 70. Re7 Bb3 $2 (70... Rc8 {was necessary.} 71. Ke3 Bb3) 71. Ra7 Kh8 72. Ke3 (72. e5 $142) 72... Kg8 73. Kf4 Bc4 74. Ke3 Bb3 $1 75. Kd4 $2 (75. Ra8+ $18 Kg7 76. Ra7+ Kg8) 75... Bf7 $2 {[%mdl 8192]} (75... Kh8 $11 76. e5 fxe5+ 77. Kxe5 Kg8) 76. e5 fxe5+ 77. Kxe5 Kg7 78. Kf4 Rh6 79. Kg4 Rc6 80. Kg5 Rc8 81. Rxa6 Rb8 82. Ra7 {Precision: White = 72%, Black = 48%.} 1-0

[Event "EICC 2017"]
[Site "Minsk"]
[Date "2017.06.03"]
[Round "5"]
[White "Fedoseev, Vladimir"]
[Black "Fridman, Daniel"]
[Result "0-1"]
[WhiteElo "2690"]
[BlackElo "2605"]
[Annotator "TA"]
[PlyCount "90"]
[EventDate "2017.??.??"]
[EventCountry "BLR"]
[SourceTitle "playchess.com"]
[Source "ChessBase"]
[SourceQuality "1"]

{[%evp 15,90,0,21,12,14,-2,20,0,5,0,0,0,0,0,62,69,77,0,0,0,0,0,0,-9,-9,-9,-9,-9,-10,-10,-10,-97,-103,-105,-99,-95,-99,-210,-194,-202,-207,-191,-181,-260,-252,-260,-244,-253,-256,-239,-248,-233,-195,-222,-191,-218,-217,-200,-193,-252,-228,-256,-207,-567,-558,-707,-694,-813,-794,-1887,-5197,-12836,-763,-12842,-12843,-12843,-12843]} 1. e4 e5 2. Bc4 Nf6 3. d3 c6 4. Nf3 d5 5. Bb3 Bd6 6. Nc3 dxe4 7. Nxe4 Nxe4 {C24: Bishop's Opening: 2...Nf6} 8. dxe4 h6 {LiveBook: 3 Games} 9. O-O $146 ({Predecessor:} 9. Be3 Qe7 10. Qd2 Nd7 11. O-O-O Bc7 12. Qc3 Bb6 13. g4 Bxe3+ 14. fxe3 Nf6 15. Nxe5 {1-0 (30) Vallejo Pons,F (2705)-Zatonskih,A (2466) Caleta 2010}) 9... Qe7 {The position is equal.} 10. Be3 Nd7 11. Nh4 g6 12. f4 {[#] Strongly threatening Bxf7+!} Bc5 13. Bxc5 Nxc5 14. Bxf7+ Qxf7 ({Better is} 14... Kxf7 $11 15. fxe5+ Kg7) 15. Qd6 $14 Ne6 16. Qxe5 (16. fxe5 $16 Qd7 17. Nxg6 Qxd6 18. exd6) 16... O-O $11 {[%cal Re6f4]} 17. f5 gxf5 18. exf5 Qg7 19. Rae1 Qxe5 20. Rxe5 Nc7 21. Rd1 Re8 22. Rxe8+ Nxe8 23. g4 (23. Rd8 $11 Kf7 24. Ng6) 23... Nf6 $17 24. Rd8+ Kg7 25. Ng6 b6 (25... Nxg4 $6 26. Ne7 $11) 26. h4 (26. Nf4 $17) 26... Nxg4 $19 27. Ne7 Bb7 28. Rd7 Ba6 29. Nxc6+ (29. Nd5+ $142 Kh8 30. Ne7) 29... Kf6 30. b3 Bc8 31. Rd8 Bb7 {...Rxd8 is the strong threat.} 32. Rxa8 Bxa8 33. Nxa7 Ne5 ({Don't play} 33... Kxf5 34. Nc8 $17) 34. Kf2 Kxf5 35. Kg3 Nd7 36. Nb5 Ke5 37. c4 (37. a4 {might work better.}) 37... Nf6 38. b4 h5 39. a4 $2 {[#]} (39. Kf2 {is a better chance.}) 39... Ne4+ {Black is clearly winning.} 40. Kh3 Nd6 41. Na3 Kd4 42. c5 bxc5 43. Nc2+ Kc4 (43... Kc3 $142 44. bxc5 Nf5) 44. bxc5 Nf5 45. Ne1 Be4 {Precision: White = 31%, Black = 86%.} 0-1

[Event "EICC 2017"]
[Site "Minsk"]
[Date "2017.06.03"]
[Round "5"]
[White "Cheparinov, Ivan"]
[Black "Azarov, Sergei"]
[Result "1-0"]
[WhiteElo "2688"]
[BlackElo "2582"]
[Annotator "TA"]
[PlyCount "81"]
[EventDate "2017.??.??"]
[EventCountry "BLR"]
[SourceTitle "playchess.com"]
[Source "ChessBase"]
[SourceQuality "1"]

{[%evp 17,81,25,37,23,37,37,34,42,46,34,34,34,34,34,33,21,18,22,62,49,141,123,167,162,185,147,162,133,181,176,208,182,240,241,222,254,268,232,199,42,125,50,468,450,545,542,539,532,526,517,507,487,465,370,391,380,391,390,400,401,402,377,400,335,649,650]} 1. d4 d5 {[%cal Bd7d5,Bd5c4][%mdl 32]} 2. c4 e6 3. Nf3 Nf6 4. g3 dxc4 5. Bg2 a6 6. O-O Nc6 7. e3 Bd7 8. Qe2 {E04: Open Catalan: 5 Nf3} Bd6 9. Qxc4 O-O {LiveBook: 24 Games} 10. Nbd2 {White is slightly better.} (10. Rd1 Qe7 11. Nc3 b5 12. Qd3 e5 13. dxe5 Bxe5 14. e4 Bg4 15. Bg5 Qe6 {½-½ (33) Gelfand,B (2725)-Oparin,G (2616) Moscow 2016}) 10... Nb4 $146 {next ...Bb5 is good for Black.} ({Predecessor:} 10... Qe7 11. b3 e5 12. Bb2 e4 13. Ng5 Bf5 14. Qe2 Nb4 15. Nc4 Nfd5 {0-1 (49) Leenhouts,K (2499)-Azarov,S (2577) Bastia 2016}) 11. Qe2 Bb5 12. Nc4 a5 13. a3 {[%cal Ba2a3,Ba3a4][%mdl 32]} Nbd5 14. a4 Ba6 15. b3 c6 16. Bb2 Bb4 17. Rfc1 c5 18. dxc5 Ne4 {[#]} ({Black should play} 18... Bxc5 $14 19. Nfe5 Rc8) 19. c6 $1 $36 {[%mdl 2048] Keeping Black busy.} bxc6 20. Nfe5 f5 21. Nxc6 Qe8 22. Nxb4 axb4 23. Qe1 Rd8 24. Bd4 Qh5 (24... Rc8 {was necessary.} 25. f3 Nec3) 25. f3 $18 Nec3 26. Bc5 f4 {intending ...fxg3.} 27. Bxf8 (27. gxf4 Nxf4 28. Bxf8 (28. Bxb4 $2 Nxg2 29. Qxc3 Nh4 $19) 28... Nfe2+ 29. Kh1 Nxc1 $11) 27... fxg3 28. Bxb4 $2 (28. hxg3 $18 Rxf8 29. Rc2) 28... Qxh2+ $14 29. Kf1 Nxb4 $2 {[%mdl 8192]} ({Better is} 29... h5 $1 $14 30. Bxc3 h4) 30. Qxc3 $18 (30. Rxc3 h5 $18) 30... Bb7 {( -> ...Bxf3!)} 31. Rd1 (31. Qxb4 {[#]} Bxf3 $1 {[%mdl 512]} 32. Qf8+ Kxf8 33. Rc2 Bxg2+ 34. Ke2 Be4+ 35. Kf1 Qh1+ 36. Ke2 Bf3#) 31... Rf8 32. e4 ({Don't go for} 32. Qxb4 $2 Bxf3 33. Ra2 (33. Qxf8+ $2 Kxf8 34. Rd8+ Ke7 $19) 33... Bxd1+ 34. Qxf8+ Kxf8 $19) 32... Bxe4 33. Ne5 Nd5 {[#]} 34. Rxd5 $1 Bxd5 35. Rd1 Qh5 36. b4 {[%cal Bb3b4,Bb4b5][%mdl 32]} Qf5 37. Re1 h5 38. Kg1 h4 {Black hopes to continue with ...h3.} 39. Nc6 {Hoping for Ne7+.} Qf7 40. b5 Qc7 $2 (40... h3 41. Bxh3 Qh5 42. Ne7+ (42. Bxe6+ {is a self mate.} Kh8 43. Bh3 Qxh3 44. Re2 Bxf3 45. Qxg7+ Kxg7 46. Re7+ Kh8 47. Rh7+ Kxh7 48. Ne7 Qh1#) 42... Kh8) 41. Qc5 {Precision: White = 83%, Black = 43%.} 1-0

[Event "EICC 2017"]
[Site "Minsk"]
[Date "2017.06.03"]
[Round "5"]
[White "Howell, David W L"]
[Black "Beliavsky, Alexander G"]
[Result "1-0"]
[WhiteElo "2684"]
[BlackElo "2589"]
[Annotator "TA"]
[PlyCount "75"]
[EventDate "2017.??.??"]
[EventCountry "BLR"]
[SourceTitle "playchess.com"]
[Source "ChessBase"]
[SourceQuality "1"]

{[%evp 21,75,16,22,4,25,23,23,21,16,23,23,12,28,28,16,15,24,19,56,49,54,53,84,91,119,110,108,88,147,134,218,202,247,229,235,150,165,166,162,162,178,149,242,245,233,220,322,325,400,400,473,455,711,710,710,708]} 1. e4 e5 2. Nf3 Nc6 3. Bc4 Bc5 4. O-O Nf6 5. d3 d6 6. c3 O-O 7. h3 a6 8. a4 Ba7 9. Re1 Ne7 10. Nbd2 Ng6 {C54: Giuoco Piano: 4 c3 Nf6, main lines with 5 d4 and 5 d3} 11. Nf1 c6 {LiveBook: 12 Games} 12. Ba2 Be6 {The position is equal.} 13. Bxe6 fxe6 {[#]} 14. Be3 $146 ({Predecessor:} 14. Ng3 d5 15. Be3 Bxe3 16. Rxe3 Qb6 17. Qc2 a5 18. Ra3 {½-½ (42) Howell,D (2667)-Ipatov,A (2660) Saint Louis 2017}) 14... Bxe3 15. Rxe3 Qe7 16. Ng3 Rad8 17. d4 exd4 18. cxd4 d5 19. Qb3 Nf4 20. e5 Ne8 21. h4 Ng6 22. Qa3 Rd7 23. Qxe7 Nxe7 24. Rb3 h6 (24... Rf4 $142) 25. Ne2 $16 Nc8 {[#]} (25... g6 $16 {keeps fighting.} 26. Rc1 Rf7) 26. Ne1 $1 $18 g5 27. hxg5 hxg5 28. Rg3 Rg7 29. Nf3 Rf5 30. Rg4 Ne7 31. Rd1 Kh7 (31... Nc7 $16 32. Rd3 b6) 32. Ng3 Kh6 33. Nxf5+ Nxf5 (33... exf5 {was called for.} 34. Rg3 Nc7) 34. Rd3 Rg6 35. Rb3 Rg7 36. Nh2 {White is clearly winning.} b5 (36... Kh7 $142 37. Rh3+ Kg8) 37. Rh3+ Kg6 38. Nf3 {Precision: White = 80%, Black = 35%.} 1-0

[Event "EICC 2017"]
[Site "Minsk"]
[Date "2017.06.03"]
[Round "5"]
[White "Movsesian, Sergei"]
[Black "Tate, Alan"]
[Result "1-0"]
[WhiteElo "2680"]
[BlackElo "2320"]
[Annotator "TA"]
[PlyCount "49"]
[EventDate "2017.??.??"]
[EventCountry "BLR"]
[SourceTitle "playchess.com"]
[Source "ChessBase"]
[SourceQuality "1"]

{[%evp 9,49,0,0,0,0,3,3,-9,-1,-2,12,-4,0,10,0,0,1,5,33,41,64,60,68,84,73,82,81,58,128,122,194,149,402,399,395,398,385,364,378,348,497,497]} 1. e4 e5 2. Nf3 Nc6 3. Bb5 Nf6 4. Nc3 Bd6 5. a3 (5. d3 h6 6. a3 a6 7. Bc4 Bc5 8. b4 Ba7 9. h3 d6 10. Ne2 Be6 11. Bxe6 fxe6 12. Ng3 O-O 13. c3 Qe8 14. O-O Nh5 15. Nxh5 Qxh5 {½-½ (24) Svidler,P (2741)-Yu,Y (2750) Shenzhen 2017}) 5... O-O 6. d3 {C48: Four Knights: 4 Bb5, replies other than 4...Bb4} Nd4 7. Bc4 c6 8. h3 {The position is equal.} Bc7 9. Ba2 d5 10. Bg5 $146 ({Predecessor:} 10. exd5 Nxd5 11. O-O Nxc3 12. bxc3 Nxf3+ 13. Qxf3 {0-1 (27) Rizouk,A (2524)-Cruz,J (2438) Barcelona 2015}) 10... Ne6 11. Bxf6 Qxf6 12. exd5 Nf4 $1 {[%cal Rf4g2]} 13. g3 {[#] Hoping for Ne4.} Nxh3 14. Ne4 Qe7 15. Nfd2 g6 16. Qf3 $36 {[%mdl 2048] Black is under strong pressure.} Kg7 17. O-O-O cxd5 18. Bxd5 f5 (18... h5 $14) 19. Nc3 $16 e4 (19... Ng5 $16 {was worth a try.} 20. Qe3 Bb6) 20. Qe2 Nxf2 $2 {[%mdl 8192] [#]} (20... f4 $16) 21. Qxf2 $18 e3 22. Rde1 Re8 23. Qh2 h5 24. Nf3 Qd6 (24... Ba5 {is a better defense.} 25. Qh4 Qxh4 26. Nxh4 Bb6) 25. Nb5 {Precision: White = 67%, Black = 53%.} 1-0